000 00287nam a2200121Ia 4500
008 240624s9999 xx 000 0 und d
041 _aeng
082 _a338.477948 SLO
100 _aSLOAN DANIEL
245 _aPLAYING TO WIN NINTENDO AND THE VIDEO GA
260 _c2010
365 _c
_b25
999 _c17374
_d17374